000 01691nam0a2200337 4500
001 RU\NLR\bibl\1825789
005 20260406003848.0
010 _a978-5-7786-0390-5
_9500
021 _aRU
_b2011-75950
_95399
035 _a(NLR Aleph) 001816318
090 _a1943050
_c1943050
100 _a20111027d2010 |||y0rusy50 ca
101 0 _arus
_deng
102 _aRU
105 _aa |||||||||
200 1 _aСтандартизация межбюджетных трансфертов
_dStandardization of шnterbudgetary transfers
_eмонография
_fД.Ю. Завьялов
_gМ-во образования и науки РФ, Федер. гос. образоват. учреждение высш. проф. образования "Волгогр. акад. гос. службы"
_zeng
210 _aВолгоград
_cФГОУ ВПО "Волгоградская академия государственной службы"
_d2010
215 _a319 с.
_cил.
_d21
300 _aНа 4-й с. обл. авт.: Завьялов Д.Ю., к.ю.н., преп.
320 _aБиблиогр.: с. 312-319 (91 назв.)
510 0 _6z20790
_aStandardization of шnterbudgetary transfers
_zeng
606 1 _aМежбюджетные отношения
_xСтандартизация
_92556004
_3RU\NLR\auth\661512236
686 _aУ26(2)131
700 1 _4070
_8rus
_7ca
_aЗавьялов
_bД. Ю.
_gДмитрий Юрьевич
_3RU\NLR\auth\7765908
_948837
790 1 _4070
_8rus
_7ba
_aZav'jalov
_bD. Ju.
_gDmitrij Jur'evič
_3RU\NLR\auth\77113382
_996307
801 0 _aRU
_bNLR
_c20111027
_gRCR
801 1 _aRU
_bNLR
_c20111027
942 _cBOOK
980 _aNB
980 _aNBR